LAW OF CONTRACT (Record no. 9500)
[ view plain ]
| 000 -LEADER | |
|---|---|
| fixed length control field | 00375nam a22001457a 4500 |
| 003 - CONTROL NUMBER IDENTIFIER | |
| control field | OSt |
| 005 - DATE AND TIME OF LATEST TRANSACTION | |
| control field | 20230221112706.0 |
| 008 - FIXED-LENGTH DATA ELEMENTS--GENERAL INFORMATION | |
| fixed length control field | 230221b |||||||| |||| 00| 0 eng d |
| 020 ## - INTERNATIONAL STANDARD BOOK NUMBER | |
| International Standard Book Number | 978-0-19-874738-3 |
| 040 ## - CATALOGING SOURCE | |
| Transcribing agency | Chuka University |
| 245 ## - TITLE STATEMENT | |
| Title | LAW OF CONTRACT |
| 260 ## - PUBLICATION, DISTRIBUTION, ETC. | |
| Place of publication, distribution, etc. | New York |
| Name of publisher, distributor, etc. | Oxford University Press |
| Date of publication, distribution, etc. | 2017 |
| 700 ## - ADDED ENTRY--PERSONAL NAME | |
| Personal name | Furmston M. P. |
| 9 (RLIN) | 5209 |
| 942 ## - ADDED ENTRY ELEMENTS (KOHA) | |
| Source of classification or shelving scheme | Library of Congress Classification |
| Koha item type | Long Loan Books |
| Edition | 16 |
| Suppress in OPAC | No |
| Withdrawn status | Lost status | Source of classification or shelving scheme | Damaged status | Not for loan | Home library | Current library | Date acquired | Total Checkouts | Full call number | Barcode | Date last seen | Copy number | Price effective from | Koha item type |
|---|---|---|---|---|---|---|---|---|---|---|---|---|---|---|
| Library of Congress Classification | Main Campus Library | Main Campus Library | 21/02/2023 | KD 1534 .C47 2017 | 20856/2021 | 21/02/2023 | 2 | 21/02/2023 | Long Loan Books |
